| 000 | 01843nam0a22002531 4500 | ||
|---|---|---|---|
| 001 | rc\3321189 | ||
| 005 | 20260407144944.0 | ||
| 021 |
_aRU _b[69-79633] |
||
| 035 | _a(NLR Aleph) 007508879 | ||
| 090 |
_a7689387 _c7689387 |
||
| 100 | _a20130115d1969 |||y0rusy50 ca | ||
| 101 | 0 | _arus | |
| 102 | _aRU | ||
| 105 | _ay z ||||| | ||
| 200 | 1 |
_aИзучение физико-механических свойств горных пород в Донбассе _e(Тезисы докладов Респ. науч.-техн. совещания "Состояние работ по изучению физ.-мех. свойств горных пород в Донецком бассейне в процессе проведения геол.-развед. работ с целью прогнозирования устойчивости горных пород", 17-18 июня 1969 г.) _fУкр. респ. правл. НТО-горное М-во угольной пром-сти УССР. М-во геологии УССР |
|
| 210 |
_aДонецк _cБ. и. _d1969 |
||
| 215 |
_a112 с. _d20 |
||
| 606 |
_aГорные породы _xФизико-механические свойства _jТезисы докладов _2psbo |
||
| 712 | 1 | 2 |
_a"Состояние работ по изучению физико-механических свойств горных пород в Донецком бассейне в процессе проведения геолого-разведочных работ с целью прогнозирования устойчивости горных пород", украинское респ. научно-техническое совещание _f1969 _eДонецк _3RU\NLR\AUTH\8810088579 _9678738 |
| 801 | 0 |
_aRU _bNLR _gpsbo |
|
| 801 | 1 |
_aRU _bELAR _2rusmarc |
|
| 852 |
_aNLR _j69-3/7014 |
||
| 942 | _cBOOK | ||
| 980 | _aNB | ||